000 00327nam a22001337a 4500
008 181011b xxu||||| |||| 00| 0 eng d
020 _a9780309091817
041 _aeng
080 _a159.9
100 _a48
101 _aPSI
245 _aEthical Conduct of Clinical Research Involving Children
_cField,M.J
942 _2udc
_cBK
999 _c49336
_d49336